Ako riadiť zamestnancov vo veku svojich rodičov

Vedenie a riadenie starších, skúsenejších zamestnancov. Zamestnávanie starších ľudí, vnútorná motivácia a samostatnosť pri plnení úloh. Pravidlá vzájomnej spolupráce v kolektíve ľudí vo veku svojich rodičov.

Salvato in:
Dettagli Bibliografici
Autore principale: Bleyová, Dagmar
Natura: Capitolo di libro
Lingua:slovacco
Soggetti:
Tags: Aggiungi Tag
Nessun Tag, puoi essere il primo ad aggiungerne!!

MARC

LEADER 00000naa a2200000 4500
001 0126254
005 20230912101223.9
041 0 |a slo 
044 |a SK 
245 1 0 |a Ako riadiť zamestnancov vo veku svojich rodičov  |c Dagmar Bleyová 
520 |a Vedenie a riadenie starších, skúsenejších zamestnancov. Zamestnávanie starších ľudí, vnútorná motivácia a samostatnosť pri plnení úloh. Pravidlá vzájomnej spolupráce v kolektíve ľudí vo veku svojich rodičov. 
610 2 0 |a manažment personálny 
610 2 0 |a riadenie ľudských zdrojov 
610 2 0 |a vedenie ľudí 
610 2 0 |a metódy riadenia 
610 2 0 |a nástroje riadenia 
610 2 0 |a kolektív pracovný 
610 2 0 |a tímy pracovné 
610 2 0 |a štýl vedenia 
610 2 0 |a seniori 
100 1 |a Bleyová, Dagmar